000 00749nam a2200205 a 4500
008 120416s1973 ||||||||||||||||| || u
020 _a007019291x
050 _aTP 492 Elo
100 _aElonka, Stephen Michael
245 1 0 _aStandard refrigeration and air conditioning, questions and answers
250 _a2nd ed.
260 _aNew York:
_bMcGraw-Hill
_c1973
300 _axiii, 321p.: ill.
350 _a0.00
500 _aIncludes bibliographies.
650 _aTEXTBOOKS
650 _aQUESTIONS AND ANSWERS--REFRIGERATIN AND REFRIGERATING MACHINE
700 _aMinich, Quaid Walton
995 _D0.00
_FCBU-MAIN LIBRARY (Kitwe)
_H1
_I32.50
_UAVAILABLE
_ZAnnex Low-Usage Collection
999 _c58171
_d58171